Estadísticas para Italia por imágenes

Haz click aquí para intentar la prueba.

Estadísticas generales

  • Esta prueba ha sido intentada 1.362 veces
  • La puntuación promedio es 13 de 18

Estadísticas de respuestas

Respuesta% Correcto
Pizza
99%
Torre inclinada de {Pisa}
98%
Coliseo
96%
Ferrari
93%
Leonardo da Vinci
90%
Venecia
90%
Pasta
86%
Alpes
81%
Luciano Pavarotti
77%
Vespa
73%
Vesubio
73%
Panteón
60%
Fiat {500}
57%
Turín
55%
Espresso
50%
Sofia Loren
50%
Basílica de {San} {Marcos}
43%
Lago de {Garda}
30%

Distribución de puntuación

Porcentaje por número respondido

Porcentaje de gente con cada puntuación

Historial de tus puntuaciones

No has intentado esta prueba.